000 00496nam a2200181Ia 4500
005 20250326124124.0
008 250326s9999 xx 000 0 und d
037 _aTextbook
040 _aFMSL
_beng
_cFMSL
041 _aeng
_2eng
084 _aX:31 K9
_qFMSL
100 _aHenderson J S
_9736819
245 0 _aNational income: statics and dynamics
_cHenderson J S
260 _aNY
_bNY, Harper & Row
_c1969
300 _a439p
942 _cTB
_hX:31 K9
999 _c1272384
_d1272384